Visualizzazione normale
Vista MARC
- Panebianco Michela
di Personal Name
Records bibliografici associati: 1
001 - CONTROL NUMBER
- control field: 61016
003 - CONTROL NUMBER IDENTIFIER
- control field:
005 - DATE AND TIME OF LATEST TRANSACTION
- control field: 20241018122759.0
008 - FIXED-LENGTH DATA ELEMENTS
- fixed length control field: 241018|| aca||aabn | a|a d
040 ## - CATALOGING SOURCE
- Original cataloging agency:
- Transcribing agency:
100 ## - HEADING--PERSONAL NAME
- Personal name: Panebianco Michela
670 ## - SOURCE DATA FOUND
- Source citation: Work cat.: ()360231: Panebianco Michela, Quale correlazione tra il funzionamento familiare e il funzionamento adattivo del bambino con ASD?, 2024